Statistiques concernant Villes de Nouvelle-Aquitaine - Carte Quiz

Cliquez ici pour prendre le quiz!

Statistiques générales

  • Ce quiz a été pris 7 065 fois
  • Le résultat moyen est 13 sur 20

Réponses sur la Carte

Les réponses sont colorées sur une échelle allant du rouge au vert en fonction du pourcentage des utilisateurs qui les ont devinées à leur premier essai. Vous pouvez retrouver ces pourcentages ci-dessous.
 

Statistiques - réponses

Réponse% Correct
Bordeaux
91%
La Rochelle
85%
Arcachon
84%
Bayonne
82%
Saint-Pierre-d'Oléron
79%
Pau
78%
Limoges
63%
Poitiers
63%
Niort
62%
Dax
61%
Angoulême
59%
Agen
58%
Mont-de-Marsan
57%
Périgueux
55%
Saintes
52%
Brive-la-Gaillarde
51%
Guéret
45%
Sarlat-la-Canéda
44%
Châtellerault
42%
Tulle
42%

Distribution des résultats

Percentile par nombre de réponses

% des personnes avec chaque résultat

Votre développement - résultats

Vous n’avez pas pris ce quiz